[Event "GER-ch U12"]
[Site "Willingen"]
[Date "2022.06.10"]
[Round "8"]
[White "Seth, Aakrit"]
[Black "Blodig, Vincent"]
[Result "0-1"]
[WhiteElo "1467"]
[BlackElo "1461"]
[PlyCount "106"]
[EventDate "2022.06.04"]
[EventType "swiss"]
[EventRounds "9"]
[EventCountry "GER"]
[SourceTitle "CBM 208 Extra"]
[Source "ChessBase"]
[SourceDate "2022.07.31"]
[SourceVersion "1"]
[SourceVersionDate "2022.07.31"]
[SourceQuality "1"]

1. d4 d5 2. Bf4 Nf6 3. e3 e6 4. Nf3 Bd6 5. Bg3 c5 6. c3 0-0 7. Nbd2 Qc7 8. Bd3 Nbd7 9. 0-0 Bxg3 10. hxg3 e5 11. dxe5 Nxe5 12. Nxe5 Qxe5 13. Nf3 Qh5 14. Nh2 Qxd1 15. Raxd1 Be6 16. Bc2 Ne4 17. Nf3 Rfd8 18. Rd3 f6 19. Rfd1 b5 20. Nd2 f5 21. Nxe4 fxe4 22. R3d2 Bg4 23. f3 exf3 24. gxf3 Bxf3 25. Rf1 Bg4 26. Rf4 h5 27. Bg6 Rd7 28. Rh2 a5 29. Bxh5 Bxh5 30. Rxh5 b4 31. Rff5 bxc3 32. bxc3 Rad8 33. Kf2 a4 34. c4 dxc4 35. Rxc5 Rd2+ 36. Kf3 Rxa2 37. Rxc4 Ra8 38. Rcc5 Rb2 39. Ra5 Rbb8 40. Rxa8 Rxa8 41. Rh1 a3 42. Ra1 a2 43. Ke2 Kf7 44. Kd2 Ke6 45. Ke2 Ke5 46. Kf3 Ra4 47. Ke2 Ke4 48. Kd2 Ra3 49. g4 Kf3 50. g5 Ke4 51. g6 Kf5 52. Ke2 Kxg6 53. Kf3 Kf5 0-1

[Event "GER-ch U12"]
[Site "Willingen"]
[Date "2022.06.05"]
[Round "2"]
[White "Seth, Aakrit"]
[Black "Li, Luxuan"]
[Result "1-0"]
[WhiteElo "1467"]
[BlackElo "1235"]
[PlyCount "55"]
[EventDate "2022.06.04"]
[EventType "swiss"]
[EventRounds "9"]
[EventCountry "GER"]
[SourceTitle "CBM 208 Extra"]
[Source "ChessBase"]
[SourceDate "2022.07.31"]
[SourceVersion "1"]
[SourceVersionDate "2022.07.31"]
[SourceQuality "1"]

1. d4 Nf6 2. Bf4 e6 3. e3 Be7 4. Nf3 b6 5. Nbd2 Bb7 6. Bd3 d6 7. 0-0 Nbd7 8. Re1 0-0 9. h3 Re8 10. e4 c5 11. c3 Nf8 12. Bb5 N6d7 13. e5 d5 14. Bd3 c4 15. Bc2 Ng6 16. Bh2 b5 17. a3 Nb6 18. Re3 Rb8 19. h4 Bxh4 20. Nxh4 Nxh4 21. Rh3 Qg5 22. Bxh7+ Kf8 23. Bg3 Nf5 24. f4 Qd8 25. Bxf5 exf5 26. Qh5 g6 27. Qh6+ Ke7 28. Bh4+ 1-0

[Event "GER-ch U18 sf Berlin Online"]
[Site "Playchess.com INT"]
[Date "2020.05.01"]
[Round "11"]
[White "Seth, Aakrit"]
[Black "Kullmann, Max"]
[Result "0-1"]
[WhiteElo "1620"]
[BlackElo "1469"]
[PlyCount "40"]
[EventDate "2020.05.01"]
[EventType "swiss (blitz)"]
[EventRounds "13"]
[EventCountry "GER"]
[SourceTitle "CBM 195 Extra"]
[Source "ChessBase"]
[SourceDate "2020.05.31"]
[SourceVersion "1"]
[SourceVersionDate "2020.05.31"]
[SourceQuality "1"]

1. e4 d5 2. exd5 Qxd5 3. Nc3 Qa5 4. Nf3 Nf6 5. Be2 Bf5 6. 0-0 e6 7. a3 c6 8. b4 Qc7 9. d3 Nbd7 10. Be3 Bd6 11. Qd2 0-0 12. Rad1 Ng4 13. g3 Nxe3 14. Qxe3 Nf6 15. Nd4 Bh3 16. Rfe1 Rfe8 17. Rb1 a6 18. Nf3 h6 19. Kh1 Ng4 20. Ng1 Nxe3 0-1

[Event "GER-ch U18 sf Berlin Online"]
[Site "Playchess.com INT"]
[Date "2020.05.01"]
[Round "13"]
[White "Zhou, Leyi Charlotte"]
[Black "Seth, Aakrit"]
[Result "0-1"]
[WhiteElo "1620"]
[BlackElo "1620"]
[PlyCount "46"]
[EventDate "2020.05.01"]
[EventType "swiss (blitz)"]
[EventRounds "13"]
[EventCountry "GER"]
[SourceTitle "CBM 195 Extra"]
[Source "ChessBase"]
[SourceDate "2020.05.31"]
[SourceVersion "1"]
[SourceVersionDate "2020.05.31"]
[SourceQuality "1"]

1. e4 e5 2. Nf3 Nc6 3. d4 exd4 4. Nxd4 Nxd4 5. Qxd4 c5 6. Qd3 Nf6 7. Nc3 Be7 8. Bg5 0-0 9. Be2 Ne8 10. Bxe7 Qxe7 11. 0-0 Nf6 12. Nd5 Nxd5 13. exd5 Re8 14. Rfe1 b5 15. Qxb5 d6 16. Qa5 Qg5 17. Bb5 Rf8 18. Bc6 Rb8 19. Qxa7 Rxb2 20. Ba4 Bh3 21. g3 Qf5 22. Re3 Qxd5 23. f3 Qd2 0-1